000 01929nam0a2200349 4500
001 RU\NLR\bibl\1274371
005 20260406152506.0
010 _a978-5-488-01934-8
_97000
021 _aRU
_b2008-56661
_93153
035 _a(NLR Aleph) 001260207
090 _a374264
_c374264
100 _a20080917d2008 |||y0rusy50 ca
101 1 _arus
_ceng
102 _aRU
105 _aa |||||||||
200 1 _aСказки
_e[для младшего школьного возраста]
_fРедьяр Киплинг
_g[пер. с англ. К Чуковского
_gстихи в пер. С. Маршака
_gхудож. В. Курдов, В. Дувидов]
210 _aМосква
_cОникс
_d2008
215 _a173, [2] с.
_cил., портр.
_d22
225 1 _aБиблиотека младшего школьника
_eБМШ
225 1 _aЧитаем по школьной программе
327 1 _aСодерж.: Отчего у верблюда горб; Откуда у носорога шкура; Слоненок; Откуда взялись броненосцы; Как было написано первое письмо; Кошка, гулявшая сама по себе; Рикки-Тикки-Тави
686 _aШ9(4Вл)60-4
700 1 _4070
_8rus
_7ca
_aКиплинг
_bР.
_f1865-1936
_gРедьярд
_3RU\NLR\auth\775969
_9115925
702 1 _4730
_8rus
_7ca
_aМаршак
_bС. Я.
_f1887-1964
_gСамуил Яковлевич
_3RU\NLR\auth\774792
_9114767
702 1 _4040
_8rus
_7ca
_aКурдов
_bВ. И.
_cхудожник
_f1905-1989
_gВалентин Иванович
_3RU\NLR\auth\7773804
_956732
702 1 _4040
_8rus
_7ca
_aДувидов
_bВ. А.
_cхудожник
_f1932-2000
_gВиктор Аронович
_3RU\NLR\auth\7773803
_956731
801 0 _aRU
_bNLR
_c20080917
_gRCR
801 1 _aRU
_bNLR
_c20080917
942 _cBOOK
980 _aNB